| 000 | 01250nam0a22003011 4500 | ||
|---|---|---|---|
| 001 | rc\4206181 | ||
| 005 | 20260406164048.0 | ||
| 021 |
_aRU _b[49-1718] |
||
| 035 | _a(NLR Aleph) 008205941 | ||
| 090 |
_a8066173 _c8066173 |
||
| 100 | _a20130415d1948 |||y0rusy50 ca | ||
| 101 | 0 | _arus | |
| 102 | _aRU | ||
| 105 | _ay z ||||| | ||
| 200 | 1 |
_aКак организован советский суд _eЛекция канд. юрид. наук Резепова Виталия Петровича _fСарат. обл. лекц. бюро при Обл. отд. культ.-просвет. работы |
|
| 210 |
_aСаратов _cТип. изд-ва "Коммунист" _d1948 |
||
| 215 |
_a27 с. _d20 |
||
| 225 | 1 | _aВ помощь лектору | |
| 300 | _aНа обл. авт. не указан | ||
| 320 | _aБиблиогр.: с. 26 (16 назв.) | ||
| 606 |
_aСуд в СССР _jМатериалы для лекций _2psbo |
||
| 700 | 1 |
_aРезепов _bВ.П. _gВиталий Петрович |
|
| 712 | 0 | 2 |
_aСаратовское областное лекционное бюро _3RU\NLR\AUTH\889935476 _9365871 |
| 801 | 0 |
_aRU _bNLR _gpsbo |
|
| 801 | 1 |
_aRU _bELAR _2rusmarc |
|
| 852 |
_aNLR _jП90 Г-4/498 |
||
| 942 | _cBOOK | ||
| 980 | _aNB | ||